| 000 | 00361nam a22001337a 4500 | ||
|---|---|---|---|
| 082 | _aP-105 | ||
| 100 |
_aCapt Iqbal syn no 6 _947796 |
||
| 245 |
_aWater Supply to Risalpur Cantt _cCapt Iqbal, Capt Adnan |
||
| 260 |
_aRisalpur _bMCE _c24 December 2000 |
||
| 526 |
_a0 _b0 _c0 _dP_105 |
||
| 650 |
_aProjects _947797 |
||
| 700 |
_aArif Ijaz _947773 |
||
| 942 |
_2ddc _cBK |
||
| 999 |
_c550930 _d550930 |
||